Prezentácia multimediálnych dát

Uložené v:
Podrobná bibliografia
Hlavný autor: Trocha, Martin (Autor)
Ďalší autori: Balogh, Štefan (Vedúci práce)
Médium: Rukopis Kniha
Jazyk:Slovak
Vydavateľské údaje: 2017
Predmet:
On-line prístup:http://is.stuba.sk/zp/portal_zp.pl?podrobnosti=116151
Tagy: Pridať tag
Žiadne tagy, Buďte prvý, kto otaguje tento záznam!

MARC

LEADER 00000ntm a22000003a 4500
001 stuzp62474
003 SK-STU
005 20170801092222.2
007 ta
008 150427s2015----xo-----f-mn---000-0-slo-d
040 |a STU  |b slo 
041 0 |a slo 
044 |a xo 
100 1 |a Trocha, Martin  |u 035000  |4 aut  |U FEI Fakulta elektrotechniky a informatiky  |T FEI Ústav informatiky a matematiky  |X 74819  |U E050  |Y 816  |7 74819 
242 0 1 |a Multimedia data presentation  |y eng 
245 1 0 |a Prezentácia multimediálnych dát 
260 |c 2017 
300 |a 32 s.,  |b CD-ROM 
650 4 |a Prezentácia dát  |2 slo 
650 4 |a Invenio  |2 slo 
650 4 |a Multimediálny systém  |2 slo 
650 4 |a Multimedia system  |2 eng 
650 4 |a Invenio  |2 eng 
650 4 |a Data presentation  |2 eng 
700 1 |a Balogh, Štefan  |u 035000  |k Z1  |4 ths  |U FEI Fakulta elektrotechniky a informatiky  |T FEI Ústav informatiky a matematiky  |X 30190  |U E050  |Y 816  |7 A000030190 
856 4 |u http://is.stuba.sk/zp/portal_zp.pl?podrobnosti=116151 
996 |b 284ER02557  |c E*Bc- 2557  |l EE35  |s P  |a 0  |w stuzp62474_0001